| 000 | 00993nam a2200241Ia 4500 | ||
|---|---|---|---|
| 003 | Ost | ||
| 005 | 20260507075127.0 | ||
| 008 | 260507s9999||||xx |||||||||||||| ||und|| | ||
| 040 | _cfsecg | ||
| 041 | _aara | ||
| 082 | _a330 | ||
| 100 |
_aكوبل، برايان _eمؤلف |
||
| 245 | 0 |
_aهيكلة رأس مال الشركات / _c برايان كوبل |
|
| 260 |
_aالقاهرة: _bدار الفاروق, _c2005 |
||
| 300 |
_a160 صفحة؛ _bإيضاحات ؛ _c24 سم |
||
| 490 | _aبنكنوت | ||
| 520 | _aمقدمة إلى هيكلة رأس المال- تحديد الحاجة لمصادر تمويل خارجية- خيارات التمويل -أسهم رأس المال- الأدوات المالية المختلطة- الهيكلة المثلى لرأس المال- محفظة الديون- إعادة التمويل | ||
| 653 | _aالأدوات المالية | ||
| 653 | _aالتمويل | ||
| 653 | _aالديون | ||
| 653 | _aالقروض | ||
| 942 | _cكتاب | ||
| 999 |
_c43165 _d43165 |
||